000 00842nam a2200253 u 4500
005 20221203063603.0
008 120927s2009 es r 000 0 spa d
020 _a9788497543705
035 _aUPN01000186846
049 _aCG
050 4 _aBJ1631
_bE8.2
100 1 _aEspeland, Pamela,
_d1951-
_932131
245 1 0 _aAprende a hacer lo correcto /
_cPamela Espeland y Elizabeth Verdick ; tr. Núria Martí.
260 _aBarcelona, Esp. :
_bOniro,
_c2009.
300 _a106 p. :
_bil.
440 3 _aEl niño y su mundo
534 _pTítulo original:
_tKnowing and doing what's right : the possitive values assets
650 4 _aNIÑOS -
_xCONDUCTA DE VIDA
_917303
650 0 _aValores
_vLiteratura juvenil
_96771
650 4 _aValores sociales
_94177
700 1 _aVerdick, Elizabeth,
_ecoaut.
905 _aLibro
999 _c158949
_d158949